| 000 | 01304nam a2200409 a 4500 | ||
|---|---|---|---|
| 003 | AR-BaBNM | ||
| 005 | 20251128204325.0 | ||
| 008 | 082120s2002 ||||||||||||||000 | spa|| | ||
| 020 | _a950-582-212-0 | ||
| 040 | _cAR-BaBNM | ||
| 100 | 1 | _aRico de Alonso, Ana | |
| 245 | 0 | 0 | _aLa antropología social y los estudios de la mujer |
| 260 |
_aBuenos Aires _bHumanitas _c1987 |
||
| 300 | _a220 p. | ||
| 490 | 0 | _aDesarrollo social | |
| 500 | _aContiene referencias bibliográficas al final de cada capítulo | ||
| 650 | 4 | _aANTROPOLOGIA CULTURAL Y SOCIAL | |
| 650 | 4 | _aPROSTITUCION | |
| 650 | 4 | _aSEXUALIDAD | |
| 650 | 4 | _aMUJERES | |
| 650 | 4 | _aFEMINISMO | |
| 650 | 4 | _aTRABAJO SOCIAL | |
| 650 | 4 | _aDERECHOS DE LA MUJER | |
| 650 | 4 | _aPARTICIPACION POLITICA | |
| 650 | 4 | _aSOCIOLOGIA RURAL | |
| 651 | 4 | _aMéxico | |
| 700 | 1 |
_aGrassi, Estela _ecompilador |
|
| 700 | 1 |
_aPesenti, Marta _ecolaborador |
|
| 700 | 1 |
_aGiberti, Eva _ecolaborador |
|
| 700 | 1 |
_aSilveira Galan, María C. de _ecolaborador |
|
| 700 | 1 |
_aPaulilo, María Ignez S. _ecolaborador |
|
| 700 | 1 |
_aGonzález Montes, Soledad _ecolaborador |
|
| 711 | 2 |
_aCongreso Argentino de Antropología Social _n2 _cBuenos Aires, Argentina _9ago. _d1986 |
|
| 800 | 1 |
_aSierra de Villaverde, Sela _edirector |
|
| 942 | _cBK | ||
| 998 | _cMARTIN | ||
| 999 |
_c7025 _d7025 |
||